Перейти до змісту

Пандемия COVID-19 в зеркале европейских языков монография

Представлены результаты исследований в целях выявления когнитивных, дискурсивных и лингвистических особенностей отражения реалий эпохи коронавируса, начавшейся в лингвокогнитивном пространстве европейских языков в 2020 году. В качестве фактического материала использованы примеры из словарных изданий...

Повний опис

Збережено в:
Бібліографічні деталі
Автор: Бородулина Н. Ю.
Інші автори: Воякина Е. Ю., Гливенкова О. А., Григорьева В. С., Гунина Н. А., Дворецкая Е. В., Евенко Е. В., Зайцева В. В., Ильина И. Е., Копельник В. И., Королева Л. Ю., Макеева М. Н., Мордовина Т. В., Морозова О. Н., Чеботарёва Г. Н.
Формат: Книга
Мова:Russian
Опубліковано: Тамбов ТГТУ 2021
Онлайн доступ:https://e.lanbook.com/book/320372
https://e.lanbook.com/img/cover/book/320372.jpg
Теги: Додати тег
Немає тегів, Будьте першим, хто поставить тег для цього запису!
LEADER 03026nam0a2200445 i 4500
001 320372
003 RuSpLAN
005 20240216150941.0
008 240216s2021 ru gs 000 0 rus
020 |a 978-5-8265-2401-5 
040 |a RuSpLAN 
041 0 |a rus 
044 |a ru 
080 |a 811 
084 |a 81.2  |2 rubbk 
245 0 0 |a Пандемия COVID-19 в зеркале европейских языков  |b монография  |c Бородулина Н. Ю.,Воякина Е. Ю.,Гливенкова О. А.,Григорьева В. С.,Гунина Н. А.,Дворецкая Е. В.,Евенко Е. В.,Зайцева В. В.,Ильина И. Е.,Копельник В. И.,Королева Л. Ю.,Макеева М. Н.,Мордовина Т. В.,Морозова О. Н.,Чеботарёва Г. Н. 
260 |a Тамбов  |b ТГТУ  |c 2021 
300 |a 244 с. 
504 |a Библиогр.: доступна в карточке книги, на сайте ЭБС Лань 
520 8 |a Представлены результаты исследований в целях выявления когнитивных, дискурсивных и лингвистических особенностей отражения реалий эпохи коронавируса, начавшейся в лингвокогнитивном пространстве европейских языков в 2020 году. В качестве фактического материала использованы примеры из словарных изданий и оригинальных источников из дискурса СМИ на русском, английском, немецком и французском языках, что позволило проследить как общее в языковой репрезентации меняющейся картины мира, так и национально-культурную специфику каждой лингвокультуры. Предназначена широкому кругу специалистов. 
521 8 |a Книга из коллекции ТГТУ - Языкознание и литературоведение 
521 8 |a СЭБ 
100 1 |a Бородулина Н. Ю. 
700 1 |a Воякина Е. Ю. 
700 1 |a Гливенкова О. А. 
700 1 |a Григорьева В. С. 
700 1 |a Гунина Н. А. 
700 1 |a Дворецкая Е. В. 
700 1 |a Евенко Е. В. 
700 1 |a Зайцева В. В. 
700 1 |a Ильина И. Е. 
700 1 |a Копельник В. И. 
700 1 |a Королева Л. Ю. 
700 1 |a Макеева М. Н. 
700 1 |a Мордовина Т. В. 
700 1 |a Морозова О. Н. 
700 1 |a Чеботарёва Г. Н. 
856 4 |u https://e.lanbook.com/book/320372 
856 4 8 |u https://e.lanbook.com/img/cover/book/320372.jpg 
953 |a https://e.lanbook.com/img/cover/book/320372.jpg 
Cannot write session to /tmp/vufind_sessions/sess_j16rbtq2spjvfg0ai3q8satgvk